'-IN' Words by Definition Quiz Stats

Quiz not verified by Sporcle

Also try: Rhymes with BILL
Challenge
Share
Tweet
Embed
Score 0/16 Timer 03:00
0 Plays Today
% Correct
Win
98.4%
Kin
97.6%
Gin
96.8%
Fin
96%
Sin
96%
Bin
95.2%
Pin
94.4%
Tin
93.6%
% Correct
Yin
91.2%
Din
88.8%
Vin
80.8%
Zin
66.4%
Ain
59.2%
Hin
44.8%
Lin
34.4%
Rin
32%

You're not logged in!

Compare scores with friends on all Sporcle quizzes.
Sign Up with Email
OR
Log In

You Might Also Like...

Show Comments

Extras

Top Quizzes Today


Score Distribution

Your Account Isn't Verified!

In order to create a playlist on Sporcle, you need to verify the email address you used during registration. Go to your Sporcle Settings to finish the process.